A propósito del nuevo informe de Boutros-Boutros Ghali
Furkejuvvon:
| Materiálatiipa: | Texto |
|---|---|
| Fáttát: | |
| Fáddágilkorat: |
Lasit fáddágilkoriid
Eai fáddágilkorat, Lasit vuosttaš fáddágilkora!
|
MARC
| LEADER | 00000 a a2200000 04500 | ||
|---|---|---|---|
| 001 | 5795 | ||
| 003 | |||
| 040 | |||
| 245 | |a A propósito del nuevo informe de Boutros-Boutros Ghali | ||
| 650 | |a INFORMES | ||
| 650 | |a PAZ | ||
| 650 | |a COEXISTENCIA PACIFICA | ||
| 650 | |a CONSTITUCION POLITICA | ||
| 650 | |a ACUERDOS | ||
| 773 | |g volumen 14, número 585; páginas 12-15 | ||
| 999 | |c 21331 |d 21331 | ||
